| 000 | 00606nam a2200181Ia 4500 | ||
|---|---|---|---|
| 008 | 100921s9999 xx 000 0 und d | ||
| 082 |
_b23086 _a820 थ 89 |
||
| 100 | _aGokak V.K. | ||
| 245 | _aIndia & World Culture. | ||
| 260 |
_bसाहित्य अकादमी,नवी दिल्ली. _c1989 |
||
| 300 |
_a136 _bसाहित्य अकादमी,दिल्ली |
||
| 365 | _b40 | ||
| 520 | _aललित इंग्रजी. | ||
| 630 | _aIndia & World Culture. | ||
| 650 | _aललित इंग्रजी. | ||
| 730 | _aIndia & World Culture. | ||
| 942 | _cBOOK | ||
| 999 |
_c772199 _d772196 |
||